| 000 | 01468cam a2200337 i 4500 | ||
|---|---|---|---|
| 001 | 40005 | ||
| 003 | Mx-PuUPA | ||
| 005 | 20240730145413.0 | ||
| 008 | 140415s1996 mx a gr 000 0 spa d | ||
| 020 | _a9688873144 | ||
| 040 |
_cMx-PuUPA _aMx-PuUPA _bspa _dMx-PuUPA _erda |
||
| 041 | 1 |
_aspa _heng |
|
| 100 | 1 |
_aLawrence, M. J. _q(Michael James) _d1943- _0Lawrence, Mike _915926 _eautor |
|
| 240 | 1 | 0 |
_aStep-by-step outdoor stonework. _lEspañol |
| 245 | 1 | 0 |
_aPaso a paso mampostería de exteriores : _bmás de veinte proyectos de fácil construcción para su patio y el jardín / _cMike Lawrence |
| 264 | 1 |
_aMéxico : _bEditorial Gustavo Gili, _c©1996 |
|
| 300 |
_a96 páginas : _bilustraciones, fotografías ; _c28 cm |
||
| 336 |
_2rdacontent _atexto _btxt |
||
| 336 |
_2rdacontent _aimagen fija _bsti |
||
| 337 |
_2rdamedia _asin medio _bn |
||
| 338 |
_2rdacarrier _avolumen _bnc |
||
| 650 | 7 |
_2armarc _aDecoración y ornamentación arquitectónicas _x |
|
| 650 | 7 |
_2armarc _aPiedras de construcción |
|
| 650 | 7 |
_2armarc _aEstructuras de jardín _xDiseño y construcción _vManuales |
|
| 650 | 7 |
_2armarc _aPiedra _xConstrucción _vManuales |
|
| 765 | 0 |
_aLawrence, M. J. (Michael James) 1943- Lawrence, Mike _dReino Unido : New Holland, ©1994 _tStep-by-step outdoor stonework. |
|
| 942 |
_2ddc _cLI _h693.1 _iL415 |
||
| 999 |
_c40005 _d40005 |
||